| 000 | 00556nam a22001217a 4500 | ||
|---|---|---|---|
| 020 | _a0-553-81399-4 | ||
| 082 |
_a823 _bB IN/M |
||
| 100 | _aBINGHAM CHARLOTTE | ||
| 245 | _aTHE MOON AT MIDNIGHT | ||
| 520 | _aNo sooner has the threat of nuclear war seemed to have passed than Judy, Mathilda and Rusty are facing a new, personal crisis brought about by their teenage children. Still grieving for his lost wife, Waldo Astley tries his best to help his three friends, only to find himself falling in love with one of them... | ||
| 650 |
_aNOVEL _zUK |
||
| 942 | _cBK | ||
| 999 |
_c2246 _d2246 |
||